The noble scholar, jurist, historian


 His Excellency Dr. Abdul Wahhab bin Ibrahim Abu Sulaiman, may Allah have mercy on him.


 He was born in Umm Al-Qura in the year 1356 AH.

مؤتمر المملكة العربية السعودية في مائة عام : (Record no. 13201)

MARC details
000 -LEADER
fixed length control field 01623cam a2200289 i 4500
003 - CONTROL NUMBER IDENTIFIER
control field SA-RiAUC
005 - DATE AND TIME OF LATEST TRANSACTION
control field 20251112122251.0
008 - FIXED-LENGTH DATA ELEMENTS--GENERAL INFORMATION
fixed length control field 251109q19901999su f f100r0 ara c
040 ## - CATALOGING SOURCE
Original cataloging agency SA-DmIAFU
Language of cataloging ara
Transcribing agency SA-RiAUC
Description conventions rda
043 ## - GEOGRAPHIC AREA CODE
Geographic area code a-su---
050 #4 - LIBRARY OF CONGRESS CALL NUMBER
Item number .M88 1990z
082 04 - DEWEY DECIMAL CLASSIFICATION NUMBER
Classification number 953.1
090 ## - LOCALLY ASSIGNED LC-TYPE CALL NUMBER (OCLC); LOCAL CALL NUMBER (RLIN)
Classification number (OCLC) (R) ; Classification number, CALL (RLIN) (NR) 953.1
Local cutter number (OCLC) ; Book number/undivided call number, CALL (RLIN) م ؤ ت
111 2# - MAIN ENTRY--MEETING NAME
Meeting name or jurisdiction name as entry element مؤتمر المملكة العربية السعودية في مائة عام
Date of meeting or treaty signing (1419 هجري :
Location of meeting الرياض)
245 10 - TITLE STATEMENT
Title مؤتمر المملكة العربية السعودية في مائة عام :
Remainder of title دليل المؤتمر /
Statement of responsibility, etc. الأمانة العامة للاحتفال بمرور مائة عام على تأسيس المملكة العربية السعودية.
246 3# - VARYING FORM OF TITLE
Title proper/short title مؤتمر المملكة العربية السعودية في مئة عام : دليل المؤتمر
246 3# - VARYING FORM OF TITLE
Title proper/short title مؤتمر المملكة العربية السعودية في 100 عام : : دليل المؤتمر
264 #1 - PRODUCTION, PUBLICATION, DISTRIBUTION, MANUFACTURE, AND COPYRIGHT NOTICE
Place of production, publication, distribution, manufacture [الرياض] :
Name of producer, publisher, distributor, manufacturer الأمانة العامة للاحتفال بمرور مائة عام على تأسيس المملكة العربية السعودية،
Date of production, publication, distribution, manufacture, or copyright notice [بين 1990 و1999]
300 ## - PHYSICAL DESCRIPTION
Extent 12 صفحة ؛
Dimensions 18 × 21 سم
336 ## - CONTENT TYPE
Content type term نص
Content type code txt
Source rdacontent
Materials specified كتاب
337 ## - MEDIA TYPE
Media type term بدون وسيط
Media type code n
Source rdamedia
338 ## - CARRIER TYPE
Carrier type term مجلد
Carrier type code nc
Source rdacarrier
651 #7 - SUBJECT ADDED ENTRY--GEOGRAPHIC NAME
Geographic name السعودية
General subdivision تاريخ
Form subdivision مؤتمرات
Source of heading or term aucsh
710 1# - ADDED ENTRY--CORPORATE NAME
Corporate name or jurisdiction name as entry element السعودية.
Subordinate unit الأمانة العامة للاحتفال بمرور مائة عام على تأسيس المملكة
Relator term منظم.
942 ## - ADDED ENTRY ELEMENTS (KOHA)
Source of classification or shelving scheme Dewey Decimal Classification
Koha item type Books
Suppress in OPAC No
949 ## - LOCAL PROCESSING INFORMATION (OCLC)
a SA-JeALM
d 251109
u mohamedma123
n 1
Holdings
Withdrawn status Lost status Source of classification or shelving scheme Damaged status Not for loan Home library Current library Date acquired Total checkouts Full call number Barcode Date last seen Price effective from Koha item type
    Dewey Decimal Classification     DR AbdElwahab Library DR AbdElwahab Library 11/12/2025   953.1 م ؤ ت 000021071 11/12/2025 11/12/2025 Books